Größte Orte im Landkreis Mecklenburgische Seenplatte - Statistiken

Allgemein
  • Dieses Quiz wurde 21 mal gespielt
  • Das Durchschnittsergebnis liegt bei 8 aus 15
Antwortstatistiken
Einwohner Ort % Korrekt
63.989 Neubrandenburg
100%
20.340 Neustrelitz
93%
6.543 Malchow
79%
10.395 Demmin
57%
7.272 Malchin
57%
21.267 Waren (Müritz)
57%
6.478 Friedland
50%
5.263 Altentreptow
43%
5.289 Burg Stargard
43%
5.075 Röbel/Müritz
43%
5.803 Reuterstadt Stavenhagen
36%
4.490 Feldberger Seenlandschaft
29%
4.094 Penzlin
29%
4.196 Woldegk
21%
4.371 Dargun
14%
Keine übereinstimmenden Quizze gefunden
Verteilung der Resultate
Anzahl Personen mit jedem Resultat
Perzentil nach korrekt beantworteten Fragen
Ihre Resultats-Entwicklung
Sie haben dieses Quiz noch nicht gespielt